LDR 00883naa#a2200169#i#450# 001 RU\\bibl\121913 005 20260430062041.4 011 ## _a2072-9502 100 ## _a20260427b2026####ek#y0rusy0150####ca 102 ## _aRU 200 1# _aИнтеллектуальная модель динамического ценообразования в системах автоматизации грузоперевозок _eЖурнальная статья 210 1# _aАстрахань _cАстраханский государственный технический университет _d2026 215 ## _a6 с. 608 ## _aЖурнальная статья _2local 675 ## _aИскусственный интеллект. 004.8 _aУправление грузовыми перевозками. 656.073 _z 700 #1 _aБокарев _gДмитрий Вячеславович 856 4# _avestnik.astu.org _u